000 00708nam a2200193Ia 4500
003 LDD
008 190117s9999 xx 000 0 und d
020 _a9788192922188
_c₹125
040 _cLDD
041 _ahi
082 _a8H1.71 ध686ये
100 _aधवल, तुषार
245 0 _aये आवाज़ें कुछ कहती हैं
_cतुषार धवल
260 _aनई दिल्ली
_bखल प्रकाशन 2
_c2014
300 _a117p.
901 _aGP
904 _aReqst by : Jitendra Kumar Srivastav
942 _2ddc
_cH
999 _c161803
_d161803